County Towns of England - Statistics

General Stats
  • This quiz has been taken 32 times
  • The average score is 30 of 48
Answer Stats
County County Town % Correct
Cambridgeshire Cambridge
86%
Lincolnshire Lincoln
86%
Merseyside Liverpool
86%
City of London London
86%
Greater London London
86%
Bedfordshire Bedford
83%
West Midlands Birmingham
83%
Greater Manchester Manchester
83%
Tyne & Wear Newcastle
83%
Norfolk Norwich
83%
Oxfordshire Oxford
83%
Bristol Bristol
79%
County Durham Durham
79%
Gloucestershire Gloucester
79%
Suffolk Ipswich
79%
Leicestershire Leicester
79%
Nottinghamshire Nottingham
79%
West Yorkshire Leeds
76%
Worcestershire Worcester
76%
Cheshire Chester
72%
Devon Exeter
72%
Herefordshire Hereford
72%
Northamptonshire Northampton
72%
Cornwall Truro
72%
Cumbria Carlisle
69%
Berkshire Reading
69%
Warwickshire Warwick
69%
Staffordshire Stafford
66%
Lancashire Lancaster
62%
Hertfordshire Hertford
59%
Essex Chelmsford
52%
Surrey Guildford
52%
Kent Maidstone
52%
Shropshire Shrewsbury
48%
Hampshire Winchester
48%
West Sussex Chichester
45%
Dorset Dorchester
45%
Isle of Wight Newport
45%
Somerset Taunton
45%
Buckinghamshire Aylesbury
41%
Derbyshire Matlock
41%
South Yorkshire Barnsley
38%
East Riding of Yorkshire Beverley
38%
Rutland Oakham
38%
Wiltshire Salisbury
31%
North Yorkshire Northallerton
28%
East Sussex Lewes
24%
Northumberland Morpeth
24%
No matching quizzes found
Score Distribution
Percent of People with Each Score
Percentile by Number Answered
Your Score History
You have not taken this quiz